000 00382nam a2200145Ia 4500
008 210719s1996 xx 000 0 und d
041 _aeng
082 _a973 INDI
245 _aIndians of the plains.
260 _aNew York.
_bPerennial Library, Harper & Row Publishers.,
_c1996
300 _a128
_bPB
365 _cRs
650 _aAmerican History
906 _aUnited States USA
999 _c213043
_d213043